000 00475nam a2200169Ia 4500
003 GCL
008 140319s9999 xx 000 0 ara d
040 _aGCL /
_cGCL
082 0 4 _aد
_b050
245 1 0 _aمن فوقه سبع سماوات: 7 تمثيليات اسلامية ( اقرا 363 )
300 _a158 ص
490 _aوثائق ونصوص
_v0
650 0 4 _aالادب العربى
650 0 4 _aالقصص
650 0 4 _aالقصص الدينية
942 _2ddc
_cCF
999 _c27291
_d27291